| 000 | 00614nam a2200241 a 4500 | ||
|---|---|---|---|
| 001 | nice12345678 | ||
| 003 | IN_TiNIC | ||
| 005 | 20260116012318.0 | ||
| 008 | 050524s1984 dela grp 000 0 eng | ||
| 020 |
_a _c175 |
||
| 082 | 0 | 0 |
_a330.10297 _bAHM2 |
| 100 | _aAhmed, Khurshid | ||
| 245 | _aFirst International Conference on Islamic Economics | ||
| 260 |
_aDelhi _bAmar Prakashan _c1984 |
||
| 300 | _a390p | ||
| 500 | _aincludes index and biblioraphy | ||
| 505 | 2 | _aindex | |
| 650 | _aEconomics-Religious Aspect-Islam | ||
| 700 | 1 | _aAhmed, Khurshid | |
| 902 | _bSRS | ||
| 942 | _cBK | ||
| 999 |
_c6507 _d6507 |
||